Abtragen, Beschichten : Handbuch der Fertigungstechnik. Band 4/1

Na minha lista:
Detalhes bibliográficos
Formato: Livro
Idioma:alemão
Publicado em: Wien-München : Carl Hanser Verlag, 1987
Assuntos:
Tags: Adicionar Tag
Sem tags, seja o primeiro a adicionar uma tag!

MARC

LEADER 00000nam a22000003a 4500
001 stu42476
005 20150408180524.8
008 940412s1987----gw------------------ger-d
020 |a 3-446-12535-3 
040 |a STU  |b slo 
041 0 |a ger 
044 |a gw 
080 |a 621.793/.795 
245 |a Abtragen, Beschichten :  |b Handbuch der Fertigungstechnik. Band 4/1 
260 |a Wien-München :  |b Carl Hanser Verlag,  |c 1987 
300 |a 583 s 
650 7 |a úpravy povrchové  |2 stusub 
650 7 |a Nanášanie  |2 stusub 
650 7 |a povlakovanie  |2 stusub 
996 |b 284M081379  |c M*8545/4/1-1  |l MMKN  |s A  |a 24  |w stu42476_0001